[Event "81st ch-GER"]
[Site "Bad Liebenzell GER"]
[Date "2010.03.07"]
[Round "3"]
[White "Zeller,F"]
[Black "Bogner,S"]
[Result "1/2-1/2"]
[WhiteElo "2420"]
[BlackElo "2522"]

1.e4 c5 2.Nf3 e6 3.d4 cxd4 4.Nxd4 Nc6 5.Nc3 Qc7 6.Be2 a6 7.Be3 Nf6 8.O-O Bb4
9.Na4 Be7 10.c4 Nxe4 11.Rc1 O-O 12.c5 Rd8 13.Bf3 Ng5 14.Bh5 g6 15.h4 Ne4
16.Bf3 Nf6 17.Bg5 Rb8 18.Re1 e5 19.Nb3 d5 20.cxd6 Rxd6 21.Qe2 Nd5 22.Red1 Bxg5
23.hxg5 Nf4 24.Qe3 Rxd1+ 25.Rxd1 Bf5 26.g3 Ne6 27.Nb6 Ncd4 28.Nd5 Nxf3+ 29.Qxf3 Qc2
30.Rd2 Qb1+ 31.Rd1 Qc2 32.Rd2 Qb1+ 33.Rd1 Qc2 34.Rd2 Qb1+  1/2-1/2

[Event "11th EICC Women"]
[Site "Rijeka CRO"]
[Date "2010.03.07"]
[Round "2"]
[White "Muzychuk,M"]
[Black "Kursova,M"]
[Result "1-0"]
[WhiteElo "2444"]
[BlackElo "2296"]

1.e4 c5 2.Nf3 e6 3.d4 cxd4 4.Nxd4 Nc6 5.Nc3 a6 6.Be3 Nf6 7.f4 d6 8.Be2 Be7
9.O-O O-O 10.Kh1 Bd7 11.a4 Re8 12.Qe1 Nxd4 13.Bxd4 Bc6 14.Qg3 g6 15.Bd3 b5
16.axb5 axb5 17.Rxa8 Qxa8 18.Nxb5 Qb8 19.Bxf6 Bxf6 20.Nxd6 Qxd6 21.e5 Qb4
22.exf6 Qxb2 23.Qg5 Rd8 24.Qe5 Qb7 25.Rg1 Rd5 26.Qa1 Rd8 27.h3 h6 28.Kh2 Qb6
29.Rf1 Rd4 30.Qc3 Rb4 31.Qe5 Qb7 32.Qd6 Ra4 33.Qd8+ Kh7 34.Qf8  1-0

[Event "11th EICC Women"]
[Site "Rijeka CRO"]
[Date "2010.03.08"]
[Round "3"]
[White "Melia,S"]
[Black "Vega Gutierrez,S"]
[Result "1/2-1/2"]
[WhiteElo "2467"]
[BlackElo "2314"]

1.e4 c5 2.Nf3 e6 3.d4 cxd4 4.Nxd4 Nc6 5.Nc3 a6 6.Nxc6 bxc6 7.Bd3 d5 8.O-O Qc7
9.Re1 Bb7 10.Qf3 Bd6 11.e5 Bxe5 12.Qh5 Bd6 13.Rxe6+ Ne7 14.Re2 O-O-O 15.Na4 Ng6
16.b4 Ne5 17.Be3 g6 18.Qh3+ f5 19.Bc5 Ng4 20.Bxd6 Qxd6 21.Nc5 Rde8 22.Rxe8+ Rxe8
23.Qxh7 Re7 24.Qh8+ Kc7 25.Rf1 a5 26.c3 Bc8 27.g3 Ne5 28.f4 Nxd3 29.Nxd3 Ba6
30.Qd4 Bxd3 31.Qxd3 axb4 32.Qd4 c5 33.Qd2 bxc3 34.Qxc3 c4 35.Rd1 Kc6 36.Kf1 Qe6
37.Qc2 Kc5 38.Qd2 Qe4 39.Qa5+ Kc6 40.Qa6+ Kc7 41.Qa7+ Kc6 42.Qa6+ Kc7 43.Qa7+  1/2-1/2

[Event "11th EICC Women"]
[Site "Rijeka CRO"]
[Date "2010.03.08"]
[Round "3"]
[White "Zdebskaja,N"]
[Black "Pertlova,S"]
[Result "1-0"]
[WhiteElo "2390"]
[BlackElo "2262"]

1.e4 c5 2.Nf3 e6 3.d4 cxd4 4.Nxd4 Nc6 5.Nc3 a6 6.Be2 Qc7 7.O-O Nf6 8.Be3 Bb4
9.Na4 Be7 10.Nxc6 bxc6 11.Nb6 Rb8 12.Nxc8 Qxc8 13.Bd4 c5 14.Be5 Rb6 15.Qd3 d6
16.Bc3 O-O 17.b3 d5 18.exd5 Nxd5 19.Be5 Rd8 20.Qg3 Bf6 21.Bxf6 Nxf6 22.Rad1 Nd5
23.Rd2 a5 24.Rfd1 Rf8 25.Bc4 Ne7 26.Qc3 Nc6 27.Bf1 Nb4 28.a3 Nd5 29.Qxa5 Rb8
30.Qa6 Qxa6 31.Bxa6 Ra8 32.Bb7 Rxa3 33.Bxd5 exd5 34.Rxd5 c4 35.bxc4 Rc3 36.Rc5 Rxc2
37.g3 g6 38.Rc7 h5 39.Rdd7 Kg7 40.h4 Kf6 41.Kg2 Ke6 42.Re7+ Kf6 43.Re3 Kf5
44.Rc6 Rc1 45.Rd3 Ke5 46.Rcd6 Rc2 47.R6d5+  1-0

[Event "11th EICC Women"]
[Site "Rijeka CRO"]
[Date "2010.03.08"]
[Round "3"]
[White "Dworakowska,J"]
[Black "Hoolt,S"]
[Result "1-0"]
[WhiteElo "2356"]
[BlackElo "2215"]

1.e4 c5 2.Nf3 e6 3.d4 cxd4 4.Nxd4 Nc6 5.Nc3 Qc7 6.Be3 a6 7.Qd2 Nf6 8.O-O-O Bb4
9.f3 Ne5 10.Nb3 b5 11.Qe1 Be7 12.f4 Ng6 13.e5 Ng4 14.Ne4 O-O 15.Kb1 Bb7 16.Bd3 f5
17.exf6 Nxf6 18.Nxf6+ Bxf6 19.Qd2 Nh4 20.Rhg1 Bd5 21.Rdf1 a5 22.Nd4 b4 23.g3 Bxd4
24.gxh4 Bxe3 25.Qxe3 a4 26.Qd4 d6 27.Qxb4 Rfb8 28.Qd4 Rb7 29.c4 Bc6 30.Rf2 Rab8
31.h5 e5 32.fxe5 dxe5 33.Qg4 Qd6 34.Qf5 e4 35.Bxe4 Rxb2+ 36.Rxb2 Rxb2+ 37.Ka1 Qd4
38.Qxh7+ Kf8 39.Qh8+ Kf7 40.Rxg7+ Qxg7 41.Qxg7+  1-0

[Event "11th EICC Women"]
[Site "Rijeka CRO"]
[Date "2010.03.09"]
[Round "4"]
[White "Bojkovic,N"]
[Black "Rajlich,I"]
[Result "1/2-1/2"]
[WhiteElo "2384"]
[BlackElo "2459"]

1.e4 c5 2.Nf3 e6 3.d4 cxd4 4.Nxd4 Nc6 5.Nc3 Qc7 6.Be3 a6 7.Bd3 Nf6 8.O-O Nxd4
9.Bxd4 Bd6 10.h3 b5 11.Qe2 Be5 12.Qe3 Bf4 13.Qe2 e5 14.Be3 Bxe3 15.Qxe3 O-O
16.a3 Bb7 17.Rad1 Rfe8 18.Be2 Bc6 19.Bf3 Rab8 20.Rd3 h6 21.Qd2 Qb7 22.Re1 Rbc8
23.Rd6 Re6 24.Rd3 Ree8 25.Qe3 b4 26.axb4 Qxb4 27.b3 Bb5 28.Nxb5 axb5 29.Qd2 Qc5
30.c3 Qa3 31.Bd1 Rc6 32.Kh2 Qe7 33.b4 Qe6 34.Qb2 Rd6 35.Rxd6 Qxd6 36.Bb3 Qc6
37.Qc2 Ra8 38.f3 Rc8 39.Re3 Nh5 40.Qd2 Qf6 41.Rd3 Rc7 42.Rxd7 Rxd7 43.Qxd7 Qf4+
44.Kg1 Qe3+ 45.Kh2 Qf4+ 46.Kg1 Qe3+ 47.Kh2 Qf4+ 48.Kg1 Qe3+  1/2-1/2

[Event "81st ch-GER"]
[Site "Bad Liebenzell GER"]
[Date "2010.03.10"]
[Round "6"]
[White "Heimann,An"]
[Black "Milov,L"]
[Result "1-0"]
[WhiteElo "2458"]
[BlackElo "2556"]

1.e4 c5 2.Nf3 e6 3.d4 cxd4 4.Nxd4 Nc6 5.Nc3 Qc7 6.Be2 a6 7.O-O Nf6 8.Be3 Be7
9.f4 d6 10.Kh1 O-O 11.Qe1 Nxd4 12.Bxd4 b5 13.Bd3 Bb7 14.e5 dxe5 15.Bxe5 Qc6
16.Qg3 Nh5 17.Qh3 f5 18.a4 b4 19.Ne2 Bc5 20.Nd4 Bxd4 21.Bxd4 Rad8 22.c3 Rf6
23.Be2 Rh6 24.Bf3 Qd7 25.Bxh5 e5 26.fxe5 g6 27.e6 Qxe6 28.Qh4 Qd5 29.Rf2 gxh5
30.Rd2 Rg6 31.Rg1 Re8 32.Qxh5 f4 33.Qxd5+ Bxd5 34.Rf2 bxc3 35.bxc3 Rf8 36.h3 f3
37.g4 Bc6 38.a5 Re6 39.Kh2 Re2 40.Kg3 Rxf2 41.Bxf2 Rd8 42.Bd4 Rb8 43.Re1 Kf7
44.Re5 Rb5 45.Rxb5 Bxb5 46.Kxf3 Ke6 47.Bc5 Kd5 48.Bf8 Bd3 49.Kf4 Ke6 50.Kg5 Bf1
51.h4 Be2 52.Bc5 Kd5 53.Bb4 Ke5 54.Kh6 Bxg4 55.Kxh7 Be2 56.Kg6 Bd3+ 57.Kg5 Be2
58.h5 Bd3 59.h6 Ke6 60.c4 Be4 61.c5 Kf7 62.Ba3 Bc6 63.Bb2 Kg8 64.Kf6 Be4
65.Ke7  1-0

[Event "42nd WGM"]
[Site "Belgrade SRB"]
[Date "2010.03.10"]
[Round "8"]
[White "Eric,J"]
[Black "Miladinovic,L"]
[Result "1-0"]
[WhiteElo "2183"]
[BlackElo "2038"]

1.e4 c5 2.Nf3 e6 3.d4 cxd4 4.Nxd4 Nc6 5.Nc3 Qc7 6.Be2 Nf6 7.Be3 Be7 8.a3 O-O
9.f4 d6 10.Qd2 a6 11.O-O-O Rb8 12.g4 Nxd4 13.Qxd4 b5 14.g5 Ne8 15.h4 Bd7
16.f5 a5 17.Rhg1 Kh8 18.e5 b4 19.f6 bxc3 20.fxe7 cxb2+ 21.Kb1 Rg8 22.exd6 Qb7
23.Bh5 e5 24.Qxe5 Ba4 25.Rd2 Nxd6 26.Qxd6 Qe4 27.Qd4 Qxe7 28.Qxa4 Qxe3 29.Rgd1 Rgf8
30.Rd3 Qe5 31.Qd4 Qe7 32.Qd6 Qa7 33.Bf3 g6 34.Qd4+ Qxd4 35.Rxd4 Rfc8 36.Bd5 Rc3
37.Bxf7 Rxa3 38.Rd8+ Rxd8 39.Rxd8+ Kg7 40.Bb3 Ra1+ 41.Kxb2  1-0

[Event "11th EICC Women"]
[Site "Rijeka CRO"]
[Date "2010.03.10"]
[Round "5"]
[White "Zdebskaja,N"]
[Black "Berend,E"]
[Result "1/2-1/2"]
[WhiteElo "2390"]
[BlackElo "2299"]

1.e4 c5 2.Nf3 e6 3.d4 cxd4 4.Nxd4 Nc6 5.Nc3 a6 6.Be2 d6 7.O-O Nf6 8.Be3 Be7
9.f4 O-O 10.a4 Bd7 11.Nb3 Na5 12.Nd2 Be8 13.Qe1 d5 14.Rd1 Nc6 15.exd5 exd5
16.Nb3 Nb4 17.Rd2 Bd7 18.Bf3 Qc7 19.Qf2 Rfe8 20.a5 Bf5 21.Nd4 Bd7 22.Nde2 Bg4
23.Bb6 Qc8 24.Kh1 Qf5 25.Ng3 Qd7 26.Bxg4 Qxg4 27.h3 Qc8 28.Re1 Bf8 29.Re5 Bd6
30.Rxe8+ Qxe8 31.Nf5 Bf8 32.Bd4 Qe6 33.Ne3 Re8 34.Bxf6 Qxf6 35.Nexd5 Nxd5
36.Rxd5 Bb4 37.Qd2 h6 38.Kh2 Bxc3 39.bxc3 Rc8 40.c4 g6 41.c5 Re8 42.Rd7 Qf5
43.Qd4 Rc8 44.c4 g5 45.fxg5 hxg5 46.Rd5 Qf4+ 47.Qxf4 gxf4 48.Rf5 Re8 49.Rxf4 Re5
50.Rf6 Rxc5 51.Rb6 Rxc4 52.Rxb7 Rc5 53.g4 Rxa5 54.Kg3 Rc5  1/2-1/2

[Event "11th EICC Women"]
[Site "Rijeka CRO"]
[Date "2010.03.11"]
[Round "6"]
[White "Paulet,I"]
[Black "Majdan,J"]
[Result "0-1"]
[WhiteElo "2303"]
[BlackElo "2364"]

1.e4 c5 2.Nf3 e6 3.d4 cxd4 4.Nxd4 Nc6 5.Nc3 Qc7 6.Be3 Nf6 7.Be2 Be7 8.O-O O-O
9.f4 d6 10.Kh1 Nxd4 11.Qxd4 e5 12.Qd2 b6 13.fxe5 dxe5 14.Bg5 Rd8 15.Qe1 Be6
16.Qg3 Kh8 17.Bxf6 Bxf6 18.Bg4 Qe7 19.Bxe6 fxe6 20.Rad1 Qb4 21.b3 Qc5 22.h3 Rd4
23.Rd3 Rxd3 24.Qxd3 Rd8 25.Qf3 Rd2 26.Qh5 Qe7 27.Rc1 g6 28.Qf3 Bg5 29.Rd1 Rxc2
30.Rd7 Rc1+ 31.Nd1 Qf6 32.Qxf6+ Bxf6 33.Kh2 Bg5 34.Kg3 a5 35.a4 Rc2 36.Rd6 Rd2
37.Rxd2 Bxd2 38.Nb2 Bc3 39.Nc4 Bd4 40.Kf3 Kg7 41.Ke2 Kf6 42.Nd2 Ke7 43.Kd3 Kd6
44.Kc4 Be3 45.Nf3 Bf4 46.Kb5 Be3 47.g3 g5 48.Kc4 h6 49.Nh2 h5 50.g4 hxg4
51.Nxg4 Bg1 52.Kb5 Bd4 53.Nh6 Kc7 54.Nf7 Be3 55.Nxe5 Bg1 56.Nf7 Be3 57.Kc4 Kc6
58.Ne5+ Kd6 59.Nf3 Bf4 60.Kd4 Kc6 61.Ne5+ Kd6 62.Nd3 Kc6 63.Nxf4 gxf4 64.h4 e5+
65.Kd3 Kd6  0-1

[Event "11th EICC Women"]
[Site "Rijeka CRO"]
[Date "2010.03.11"]
[Round "6"]
[White "Efroimski,M"]
[Black "Pertlova,S"]
[Result "0-1"]
[WhiteElo "2178"]
[BlackElo "2262"]

1.e4 c5 2.Nf3 e6 3.d4 cxd4 4.Nxd4 Nc6 5.Nc3 a6 6.Be3 Nf6 7.Bd3 Qc7 8.O-O Nxd4
9.Bxd4 Bc5 10.Bxf6 gxf6 11.Qg4 Kf8 12.Kh1 h5 13.Qh4 Be7 14.f4 b5 15.f5 Qe5
16.a4 b4 17.Ne2 Bb7 18.Ng3 Rh7 19.Rf3 Kg8 20.Nxh5 Kh8 21.Re1 Rg8 22.g4 Qxb2
23.Kg1 Bc5+ 24.Kf1 Bd4 25.fxe6 dxe6 26.e5 f5 27.Qf6+ Rgg7 28.Nxg7 Bxe5 29.Qxe5 Qxe5
30.Rxe5 Bxf3  0-1

[Event "81st ch-GER"]
[Site "Bad Liebenzell GER"]
[Date "2010.03.12"]
[Round "8"]
[White "Koller,J"]
[Black "Hager,J"]
[Result "0-1"]
[WhiteElo "2270"]
[BlackElo "2221"]

1.e4 c5 2.Nf3 e6 3.d4 cxd4 4.Nxd4 Nc6 5.Nc3 Qc7 6.g3 a6 7.Bg2 d6 8.O-O Bd7
9.Nb3 Be7 10.a4 Nf6 11.f4 Na5 12.Nxa5 Qxa5 13.Re1 Bc6 14.Be3 O-O 15.Qd2 Qc7
16.a5 Nd7 17.Bf2 Rfe8 18.Na4 Bxa4 19.Rxa4 Rac8 20.Re2 e5 21.Bh3 Rcd8 22.b3 exf4
23.gxf4 Bf6 24.Rc4 Qb8 25.b4 Re7 26.Qd5 Nf8 27.Bb6 Rde8 28.e5 dxe5 29.Bc5 Rd8
30.Qf3 Ree8 31.Bb6 Rd1+ 32.Kg2 Ng6 33.fxe5 Nxe5 34.Rxe5 Rd2+ 35.Bf2 Qxe5
36.Qxb7 Rxf2+  0-1

[Event "26th ChessOrg Schachfestival"]
[Site "Bad Woerishofen GER"]
[Date "2010.03.12"]
[Round "7"]
[White "Koepke,C"]
[Black "Waldschmidt,G"]
[Result "1-0"]
[WhiteElo "2370"]
[BlackElo "2227"]

1.e4 c5 2.Nf3 Nc6 3.Nc3 e6 4.d4 cxd4 5.Nxd4 d6 6.Be3 Nf6 7.Qd2 Be7 8.f3 e5
9.Nb3 O-O 10.g4 Be6 11.Nd5 Bxd5 12.exd5 Nd4 13.Nxd4 exd4 14.Qxd4 Rc8 15.Qd2 Qc7
16.g5 Nd7 17.O-O-O a6 18.h4 Nb6 19.Kb1 a5 20.f4 a4 21.a3 Rfe8 22.f5 Bf8 23.Bd4 Nc4
24.Qf2 Ne3 25.Bxe3 Rxe3 26.Bb5 Re4 27.Bd3 Re5 28.h5 Qc5 29.Qh2 Be7 30.f6 gxf6
31.g6 fxg6 32.hxg6 h6 33.g7 Rc7 34.Rhg1 Bf8 35.Bh7+  1-0

[Event "11th EICC Women"]
[Site "Rijeka CRO"]
[Date "2010.03.12"]
[Round "7"]
[White "Muzychuk,A"]
[Black "Skripchenko,A"]
[Result "1/2-1/2"]
[WhiteElo "2533"]
[BlackElo "2456"]

1.e4 c5 2.Nf3 e6 3.d4 cxd4 4.Nxd4 Nc6 5.Nc3 Qc7 6.Be3 Nf6 7.f4 Bb4 8.Nb5 Qa5
9.e5 Nd5 10.Bd2 Nxc3 11.Bxc3 O-O 12.Qd2 a6 13.Bxb4 Qxb4 14.Qxb4 Nxb4 15.Nd4 f6
16.exf6 gxf6 17.c3 Nc6 18.O-O-O Kf7 19.Be2 Ke7 20.Bf3 f5 21.Rhe1 Nd8 22.Rd3 Rb8
23.Bd1 b5 24.Rh3 Rf7 25.Bh5 Rf8 26.g4 fxg4 27.Bxg4 Rxf4 28.Rxh7+ Kd6 29.h3 Nc6
30.Ne2 Rf8 31.Rd1+ Kc5 32.b4+ Kb6 33.Rd6 a5 34.Nd4 axb4 35.cxb4 Rf4 36.Nxc6 Rc4+
37.Kb2 Rxc6 38.Rxc6+ Kxc6 39.Rh8 Kc7 40.h4 Rb6 41.h5 Rd6 42.Kc3 Rc6+ 43.Kd2 Rc4
44.Be2 Rh4 45.Bxb5 e5 46.h6 d5 47.a4 Rh2+ 48.Ke1 e4 49.Bc6 Be6 50.b5 e3 51.h7 Bf5
52.Re8 Rxh7 53.Rxe3 Rh1+ 54.Kd2 Ra1 55.Re7+ Kb6 56.Rb7+ Kc5 57.Rc7 Kb6 58.Rb7+ Kc5
59.Be8 Rxa4  1/2-1/2

[Event "11th EICC Women"]
[Site "Rijeka CRO"]
[Date "2010.03.12"]
[Round "7"]
[White "Kopinits,A"]
[Black "Jelica,M"]
[Result "1-0"]
[WhiteElo "2183"]
[BlackElo "2235"]

1.e4 c5 2.Nf3 e6 3.d4 cxd4 4.Nxd4 Nc6 5.Nc3 Qc7 6.Be2 Nf6 7.O-O Nxd4 8.Qxd4 Bc5
9.Qd3 a6 10.Kh1 h5 11.f4 b5 12.Bf3 Ng4 13.e5 Bb7 14.Bxb7 Qxb7 15.Ne4 Qb6
16.a4 b4 17.a5 Qa7 18.c3 Rb8 19.b3 O-O 20.h3 Nf2+ 21.Rxf2 Bxf2 22.Qf3 Bc5
23.Be3 f5 24.Nxc5 Rfc8 25.Nd3 Qc7 26.c4 d5 27.exd6 Qxd6 28.Ne5 h4 29.Qh5 Qe7
30.Bb6 Qf6 31.Rd1 Rb7 32.c5 Qh6 33.Qxh6 gxh6 34.c6 Rg7 35.Rd8+ Rxd8 36.Bxd8  1-0

[Event "XIV Vasconcellos Mem"]
[Site "Brasilia BRA"]
[Date "2010.03.13"]
[Round "7"]
[White "Rodi,L"]
[Black "Shumyatsky,V"]
[Result "0-1"]
[WhiteElo "2311"]
[BlackElo "2288"]

1.e4 c5 2.Nc3 e6 3.Nf3 Nc6 4.d4 cxd4 5.Nxd4 Qc7 6.Be3 Nf6 7.Bd3 a6 8.O-O b5
9.Nxc6 dxc6 10.a4 b4 11.Nb1 c5 12.Nd2 Bb7 13.Qe2 Be7 14.f4 O-O 15.Rae1 c4
16.Bxc4 Nxe4 17.Nxe4 Bxe4 18.Bd4 Rad8 19.c3 Bc5 20.Bxc5 Qxc5+ 21.Kh1 bxc3
22.Qxe4 Rd4 23.Qb7 Rxc4 24.bxc3 Rxa4 25.f5 exf5 26.Qd7 Re4 27.Ra1 g6 28.Rxa6 Qxc3
29.Raa1 Rfe8 30.h3 Re2 31.Ra7 Qc4 32.Rc7 Qe6 33.Qxe6 R8xe6 34.Kh2 Rd2 35.Ra1 f4
36.Ra3 g5 37.Rc5 h6 38.Rf5 Ree2 39.Ra8+ Kg7 40.Ra7 Rxg2+ 41.Kh1 Rge2 42.Rfxf7+ Kg6
43.Rg7+ Kh5 44.Ra1 f3  0-1

[Event "Parachute Advansed Int"]
[Site "Dhaka BAN"]
[Date "2010.03.13"]
[Round "8"]
[White "Abu Sufian,S"]
[Black "Shamima,A"]
[Result "1/2-1/2"]
[WhiteElo "2320"]
[BlackElo "2092"]

1.e4 c5 2.Nf3 Nc6 3.d4 cxd4 4.Nxd4 e6 5.Nc3 Qc7 6.Be2 a6 7.O-O Nf6 8.Be3 Bb4
9.Na4 Be7 10.Nxc6 bxc6 11.Nb6 Rb8 12.Nxc8 Qxc8 13.Bd4 c5 14.Be5 Rb6 15.b3 d6
16.Bc3 O-O 17.Qd3 d5 18.e5 Nd7 19.f4 c4 20.bxc4 Rc6 21.Qh3 Nb6  1/2-1/2

[Event "Frauenbundesliga 2009-10"]
[Site "Germany GER"]
[Date "2010.03.13"]
[Round "8"]
[White "Beltz,F"]
[Black "Erben,L"]
[Result "1-0"]
[WhiteElo "2132"]
[BlackElo "2023"]

1.e4 c5 2.Nf3 e6 3.d4 cxd4 4.Nxd4 Nc6 5.Nc3 Qc7 6.Be3 a6 7.Qd2 Nf6 8.O-O-O Bb4
9.f3 Ne5 10.Kb1 Be7 11.g4 h6 12.h4 b5 13.Qf2 Bb7 14.Bd3 Nexg4 15.fxg4 Nxg4
16.Qd2 Nxe3 17.Qxe3 Bc5 18.Rhf1 d6 19.e5 O-O-O 20.Be4 dxe5 21.Bxb7+ Kxb7
22.Qf3+ Kb6 23.Nb3 f5 24.a4 Qc6 25.Qg3 Bb4 26.a5+ Kb7 27.Qxg7+ Qc7 28.Qg2+ Qc6
29.Qg7+ Qc7 30.Qg2+ Qc6 31.Qg3 Qc7 32.Rg1 e4 33.Qe3 Rhg8 34.Qxh6 Bxc3 35.Rxg8 Rxg8
36.Qxe6 Rd8 37.Rxd8 Qxd8 38.Nc5+ Kb8 39.bxc3 Qxa5 40.Qd6+ Ka7 41.Qd7+  1-0

[Event "26th ChessOrg Schachfestival"]
[Site "Bad Woerishofen GER"]
[Date "2010.03.14"]
[Round "9"]
[White "Meier,V"]
[Black "Partenheimer,A"]
[Result "1/2-1/2"]
[WhiteElo "2304"]
[BlackElo "2184"]

1.e4 c5 2.Nf3 e6 3.d4 cxd4 4.Nxd4 Nc6 5.Nc3 Qc7 6.Be3 Nf6 7.f3 a6 8.Qd2 Ne5
9.Nb3 b5 10.Qd4 Nc6 11.Qd2 Ne5 12.O-O-O Bb7 13.Kb1 Rc8 14.Qf2 d6 15.g4 Nfxg4
16.fxg4 Nxg4 17.Qe2 Nxe3 18.Qxe3 b4 19.Rd3 bxc3 20.Rxc3 Qd8  1/2-1/2

[Event "11th EICC Women"]
[Site "Rijeka CRO"]
[Date "2010.03.14"]
[Round "8"]
[White "Schut,L"]
[Black "Vega Gutierrez,S"]
[Result "1-0"]
[WhiteElo "2224"]
[BlackElo "2314"]

1.e4 c5 2.Nf3 Nc6 3.d4 cxd4 4.Nxd4 e6 5.Nc3 a6 6.Nxc6 bxc6 7.Bd3 d5 8.O-O Nf6
9.Re1 Bb7 10.b3 Bb4 11.Bd2 O-O 12.e5 Nd7 13.Qg4 c5 14.a3 Bxc3 15.Bxc3 Qc7
16.Qh3 g6 17.Bd2 Rfe8 18.Bg5 c4 19.Qh6 f5 20.exf6 Nxf6 21.Bxf6 cxd3 22.cxd3 Qf7
23.Bd4 Rac8 24.Re3 Qf8 25.Qh4 Qxa3 26.Rae1 Qe7 27.Qf4 Qc7 28.Qf6 Re7 29.Qh8+ Kf7
30.Rf3+  1-0

[Event "11th EICC Women"]
[Site "Rijeka CRO"]
[Date "2010.03.15"]
[Round "9"]
[White "De Seroux,C"]
[Black "Hoolt,S"]
[Result "0-1"]
[WhiteElo "2019"]
[BlackElo "2215"]

1.e4 c5 2.Nf3 e6 3.d4 cxd4 4.Nxd4 Nc6 5.Nc3 Qc7 6.Be3 a6 7.Qd2 Nf6 8.O-O-O Bb4
9.f3 Ne5 10.Nb3 b5 11.Qe1 Be7 12.f4 Ng6 13.e5 Ng4 14.Ne4 O-O 15.Bc5 Bb7 16.h3 Nh6
17.Bxe7 Nxe7 18.Bd3 Nd5 19.Qd2 f5 20.Nd6 Bc6 21.Nd4 Nf7 22.Nxf7 Rxf7 23.g4 Ne7
24.Rhe1 Rc8 25.gxf5 exf5 26.e6 dxe6 27.Nxe6 Qb7 28.Qa5 Rf6 29.Bxf5 Nxf5 30.Rd8+ Kf7
31.Qb4 Kg6 32.Rg1+ Kh6 33.Qe1 Rxd8 34.Nxd8 Qe7 35.Qd1 Rd6 36.Qg4 Rxd8  0-1

[Event "11th EICC Women"]
[Site "Rijeka CRO"]
[Date "2010.03.15"]
[Round "9"]
[White "Abdulla,K"]
[Black "Pertlova,S"]
[Result "1-0"]
[WhiteElo "2141"]
[BlackElo "2262"]

1.e4 c5 2.Nf3 e6 3.d4 cxd4 4.Nxd4 Nc6 5.Nc3 a6 6.Nxc6 bxc6 7.Bd3 d5 8.O-O Nf6
9.Re1 Be7 10.e5 Nd7 11.Qg4 g6 12.Na4 Rb8 13.b3 h5 14.Qh3 c5 15.c4 d4 16.f4 Qc7
17.Bd2 Bb7 18.Re2 Bc6 19.Nb2 Qb7 20.Rf1 Nf8 21.Nd1 Qc7 22.Nf2 a5 23.Ne4 Bxe4
24.Bxe4 Bd8 25.Qd3 Rc8 26.Qf3 Rh7 27.Bc1 Be7 28.Bd2 Bd8 29.Qd3 Be7 30.Be1 Bd8
31.Bg3 Qd7 32.Qf3 Be7 33.Bb7 Rc7 34.Ba6 Qd8 35.Be1 Ra7 36.Bb5+ Nd7 37.Bd2 Qa8
38.Qg3 Qd8 39.Qe1 Kf8 40.Bxa5 Rxa5 41.Bxd7 Ra7 42.Bc6 Kg7 43.Be4 Rh8 44.Qg3 Ra3
45.f5 exf5 46.Rxf5 Bh4 47.Rxf7+ Kxf7 48.Rf2+ Ke6 49.Qxg6+ Kd7 50.Rf7+ Qe7
51.Qc6+ Kd8 52.Rxe7 Bxe7 53.Bf5 Ra7 54.Qc8+  1-0

[Event "11th EICC Women"]
[Site "Rijeka CRO"]
[Date "2010.03.16"]
[Round "10"]
[White "Schut,L"]
[Black "Berend,E"]
[Result "1-0"]
[WhiteElo "2224"]
[BlackElo "2299"]

1.e4 c5 2.Nf3 e6 3.d4 cxd4 4.Nxd4 Nc6 5.Nc3 d6 6.Bc4 Nf6 7.Be3 a6 8.Qe2 Qc7
9.O-O-O Be7 10.Bb3 O-O 11.g4 Nxd4 12.Rxd4 e5 13.Rc4 Qd8 14.g5 Ng4 15.Rxc8 Qxc8
16.Nd5 Bd8 17.Bd2 a5 18.a4 b5 19.Rg1 bxa4 20.Bxa4 f5 21.exf5 Qxf5 22.Rxg4 Qxf2
23.Qd1 Qxh2 24.Bb3 Kh8 25.Rg1 a4 26.Ba2 Qf2 27.Ne3 Ba5 28.c3 a3 29.b4 Bb6
30.Rf1 Bxe3 31.Rxf2 Bxf2 32.g6 Rf6 33.Qh1  1-0

[Event "11th EICC Women"]
[Site "Rijeka CRO"]
[Date "2010.03.16"]
[Round "10"]
[White "Dembo,Y"]
[Black "Zawadzka,J"]
[Result "1/2-1/2"]
[WhiteElo "2457"]
[BlackElo "2404"]

1.e4 c5 2.Nf3 e6 3.Nc3 Nc6 4.d4 cxd4 5.Nxd4 Qc7 6.Be3 a6 7.Bd3 Nf6 8.O-O Ne5
9.h3 Bc5 10.Kh1 d6 11.f4 Ng6 12.Qe2 O-O 13.Nb3 Bxe3 14.Qxe3 b5 15.a4 b4 16.Ne2 Bb7
17.a5 Rab8 18.Ng3 Rfe8 19.Nd2 Nd7 20.Nh5 Nc5 21.Rfe1  1/2-1/2

[Event "11th EICC Women"]
[Site "Rijeka CRO"]
[Date "2010.03.16"]
[Round "10"]
[White "Girya,O"]
[Black "Rajlich,I"]
[Result "1/2-1/2"]
[WhiteElo "2362"]
[BlackElo "2459"]

1.d4 e6 2.Nf3 c5 3.e4 cxd4 4.Nxd4 Nc6 5.Nc3 Qc7 6.g3 a6 7.Bg2 Nf6 8.O-O Be7
9.a4 O-O 10.Nb3 d6 11.a5 Ne5 12.Qe2 Qc4 13.Qxc4 Nxc4 14.f4 e5 15.Re1 Bd7
16.Nd2 Nxd2 17.Bxd2 Rac8 18.Bf1 h6 19.Bd3 Bc6 20.f5 Rfe8 21.h3 d5 22.exd5 Nxd5
23.Ne4 Nf6 24.Bc3 Nxe4 25.Bxe4 Bc5+ 26.Kg2 Bxe4+ 27.Rxe4 Bd4 28.Bxd4 exd4
29.Rxe8+ Rxe8 30.Kf3 Re3+ 31.Kf4 Re2 32.Rc1 Kf8 33.b4 Ke7 34.Rd1 Rf2+ 35.Ke5 Rxc2
36.Rxd4 Rc3 37.Kf4 Rb3 38.h4 h5 39.g4 Rh3 40.Kg5 hxg4 41.Kxg4 Rc3 42.Kf4 Rc6
43.Ke5 b6 44.axb6 Rxb6 45.Kf4 Kf6 46.Rc4 Rd6 47.Ke4 Rb6 48.Kf4 g6 49.fxg6 fxg6
50.Rd4 Kg7 51.Rc4 Kh6 52.Kg4 Rd6 53.Re4 Rd1 54.Re6 Rg1+ 55.Kh3 Ra1 56.Kg4 Ra4
57.Kg3 Ra3+ 58.Kg4 Ra1 59.Rc6 Rg1+ 60.Kh3 Ra1  1/2-1/2

[Event "11th EICC Women"]
[Site "Rijeka CRO"]
[Date "2010.03.16"]
[Round "10"]
[White "Kosintseva,N"]
[Black "Vasilevich,T"]
[Result "1-0"]
[WhiteElo "2554"]
[BlackElo "2414"]

1.e4 c5 2.Nf3 e6 3.d4 cxd4 4.Nxd4 Nc6 5.Nc3 Qc7 6.Be3 a6 7.Qd2 Nf6 8.O-O-O Bb4
9.f3 O-O 10.g4 b5 11.g5 Ne8 12.Nxc6 dxc6 13.Qf2 Be7 14.f4 f5 15.exf5 Rxf5
16.h4 Nd6 17.Bd3 Rf8 18.Bb6 Qb8 19.Bd4 Nc4 20.Rhf1 Bd6 21.Bxc4 bxc4 22.Bc5 Bxc5
23.Qxc5 Ra7 24.Qxc4 Raf7 25.Ne4 Rb7 26.b3 Rb4 27.Qxc6 Rb6 28.Qc5 Rb5 29.Qe3 Qc7
30.h5 e5 31.Qc3 Qxc3 32.Nxc3 Rc5 33.Ne4 Ra5 34.fxe5 Rxf1 35.Rxf1 Rxe5 36.Rf4 Bf5
37.Nd6 Bd7 38.Rf7 Bb5 39.Rb7 Kf8 40.Rf7+ Kg8 41.Rc7 Kf8 42.c4  1-0

[Event "11th EICC Women"]
[Site "Rijeka CRO"]
[Date "2010.03.16"]
[Round "10"]
[White "Zdebskaja,N"]
[Black "Manakova,M"]
[Result "1-0"]
[WhiteElo "2390"]
[BlackElo "2315"]

1.e4 c5 2.Nf3 e6 3.d4 cxd4 4.Nxd4 Nc6 5.Nc3 a6 6.Be2 Qc7 7.O-O b5 8.Nxc6 dxc6
9.f4 Bb7 10.Be3 c5 11.f5 Bd6 12.fxe6 O-O-O 13.Nd5 Bxd5 14.exd5 Bxh2+ 15.Kh1 Nf6
16.exf7 h5 17.Qd3 Bd6 18.a4 Qe7 19.Bg5 c4 20.Qf5+ Rd7 21.Bxf6 gxf6 22.Qxf6 Qf8
23.axb5 Rh7 24.bxa6 Kb8 25.a7+ Ka8 26.Bxc4 Rhxf7 27.Bb5 Rxf6 28.Bc6+ Rb7
29.Bxb7+ Kxb7 30.Rxf6 Qa8 31.Rxd6 Kc7 32.Rf6 h4 33.Rf8  1-0

[Event "JNBS UWI Masters"]
[Site "Kingston JAM"]
[Date "2010.03.17"]
[Round "4"]
[White "Joseph,M"]
[Black "Gareev,T"]
[Result "0-1"]
[WhiteElo "2166"]
[BlackElo "2585"]

1.e4 c5 2.Nf3 e6 3.d4 cxd4 4.Nxd4 Nc6 5.Nc3 Qc7 6.Be3 a6 7.Qd2 Nf6 8.O-O-O Bb4
9.f3 d5 10.Bg5 dxe4 11.Bxf6 gxf6 12.Qh6 Bxc3 13.bxc3 Ke7 14.fxe4 Bd7 15.Be2 Qa5
16.Qd2 Qg5 17.Nf3 Qxd2+ 18.Nxd2 Rag8 19.g4 Ne5 20.h3 h5 21.gxh5 Rg3 22.Kb2 Bc6
23.Rdg1 Re3 24.Rh2 Bxe4 25.Nxe4 Rxe4 26.Rd1 f5 27.Rd4 Nc6 28.Rxe4 fxe4 29.Kc1 f5
30.Kd2 f4 31.Bg4 Ne5 32.Re2 e3+ 33.Ke1 Kf6 34.Kf1 Rg8 35.Rg2 Rd8 36.Be2 f3
37.Bxf3 Nxf3 38.Rg6+ Kf5 39.Ke2 Ne5 40.Rg7 Kf4 41.h6 Rd2+ 42.Kf1 Rf2+  0-1

[Event "11th EICC Women"]
[Site "Rijeka CRO"]
[Date "2010.03.17"]
[Round "11"]
[White "Arakhamia-Grant,K"]
[Black "Kursova,M"]
[Result "1/2-1/2"]
[WhiteElo "2447"]
[BlackElo "2296"]

1.e4 c5 2.Nf3 e6 3.d4 cxd4 4.Nxd4 Nc6 5.Nc3 a6 6.Nxc6 bxc6 7.Bd3 d5 8.O-O Nf6
9.Qe2 Be7 10.b3 O-O 11.Bb2 Bb7 12.e5 Nd7 13.Na4 Nb6 14.Nxb6 Qxb6 15.c4 a5
16.Rac1 g6 17.Qg4 a4 18.Bd4 c5 19.Be3 axb3 20.axb3 Rfd8 21.Rb1 Qc7 22.Qg3 dxc4
23.Bxc4 Bd5 24.h4 Bxc4 25.bxc4 h5 26.Qf4 Ra4 27.Qe4 Rb4 28.Ra1 Rdb8 29.g3 Bf8
30.Rfc1 Bg7 31.Bf4 Rd8 32.Ra6 Rdb8 33.Qc6 Qxc6 34.Rxc6 Bf8 35.Be3 R4b6 36.Rxb6 Rxb6
37.Ra1 Bg7 38.f4 Rb4 39.Rc1 Bf8 40.Kf2 Be7 41.Ke2 Kf8 42.Bd2 Ra4 43.Kd3 Ke8
44.Rb1 Ra3+ 45.Bc3 Ra7 46.Rb5 Kd7 47.Ba5 Kc6 48.Kc3 Rb7 49.Rxb7 Kxb7 50.Kb3 Ka7
51.Ka4 Ka6 52.Bc7 Kb7 53.Ba5 Ka6 54.Bc3 Bd8 55.Bd2 Bc7 56.Bc3  1/2-1/2

[Event "11th EICC Women"]
[Site "Rijeka CRO"]
[Date "2010.03.17"]
[Round "11"]
[White "Kosintseva,N"]
[Black "Peng Zhaoqin"]
[Result "1-0"]
[WhiteElo "2554"]
[BlackElo "2401"]

1.e4 c5 2.Nf3 Nc6 3.d4 cxd4 4.Nxd4 e6 5.Nc3 Qc7 6.Be3 a6 7.Qd2 Nf6 8.O-O-O Bb4
9.f3 O-O 10.g4 b5 11.g5 Nh5 12.Nde2 d5 13.exd5 exd5 14.a3 Bxc3 15.Qxc3 Re8
16.Ng3 Nf4 17.Kb1 Ne6 18.Rxd5 Bb7 19.Ne4 Rad8 20.Rxd8 Rxd8 21.Be2 Nf4 22.Bd3 Nd5
23.Qc5 Nxe3 24.Qxe3 Ne5 25.Rd1 Bxe4 26.Qxe4 g6 27.f4 Nc4 28.Ka2 Nd6 29.Qe5 Re8
30.Qd4 Nb7 31.Be4 Nc5 32.Bd5 Ne6 33.Bxe6 fxe6 34.Qe4 Re7 35.h4 Re8 36.Rd4 Qf7
37.Kb1 Qf5 38.Qc6  1-0

[Event "Dos Hermanas Blitz Final"]
[Site "ICC INT"]
[Date "2010.03.19"]
[Round "1.2"]
[White "Vovk,Y"]
[Black "Khusnutdinov,R"]
[Result "1-0"]
[WhiteElo "2545"]
[BlackElo "2527"]

1.e4 c5 2.Nf3 e6 3.d4 cxd4 4.Nxd4 Nc6 5.Nc3 Qc7 6.Be3 a6 7.Qd2 Nf6 8.O-O-O Be7
9.f3 h5 10.Kb1 b5 11.Nb3 Ne5 12.Qf2 Rb8 13.Ba7 Rb7 14.Bc5 d6 15.Bd4 Nc4 16.Qg3 e5
17.Bg1 O-O 18.Qe1 Be6 19.h3 b4 20.Nd5 Nxd5 21.exd5 Bf5 22.Bd3 Bxd3 23.cxd3 Na5
24.Rc1 Qd8 25.g4 Nxb3 26.axb3 h4 27.Rc4 a5 28.d4 Bf6 29.dxe5 Bxe5 30.f4 Bf6
31.g5 Be7 32.Qxh4 Rb5 33.Bd4 Rxd5 34.Bxg7 Kxg7 35.Qh6+ Kg8 36.g6 Bf6 37.Qh7+  1-0